000 01231cam a2200217 4500
001 WB 3910-05
008 030310n2003 000 0 eng u
035 _a(Sirsi) u121583
245 _aConstruction output - fourth quarter 2002
260 _c2003
490 _aDTI Press Release
_v(OEC-Q402) 7 March 2003, (2)
520 _aFourth quarter 2002 figures released by the DTI show total construction volume rising in 2002 by 8%. New construction work was 11% higher than the previous year despite a decrease in the private industrial sector. Repair and maintenance also rose over the same period with increases in the private sector easily offsetting a fall in the public housing sector. Fourth quarter 2002 output rose by 2% in volume and 3% in current prices over the third quarter 2002. Total construction employment including the self-employed in October 2002 was 3% up on the previous year. http://www.dti.gov.uk/construction/stats/070303/pressrel070303.htm
590 _aWB
650 _aCONSTRUCTION OUTPUT
650 _aCONSTRUCTION EMPLOYMENT
650 _aNEW CONSTRUCTION
650 _aPRIVATE INDUSTRIAL
650 _aREPAIR AND MAINTENANCE
690 _aBUILT ENVIRONMENT-CONSTRUCTION MARKET
942 _n0
999 _c72274
_d72274